<?xml version="1.0" encoding="UTF-8"?>
<collection xmlns="http://www.loc.gov/MARC21/slim">
<record>
  <controlfield tag="001">158445</controlfield>
  <controlfield tag="005">20250520134426.0</controlfield>
  <datafield tag="037" ind1=" " ind2=" ">
    <subfield code="a">GDOC-2024-28964</subfield>
  </datafield>
  <datafield tag="970" ind1=" " ind2=" ">
    <subfield code="a">GDOC-2024-28964</subfield>
  </datafield>
  <datafield tag="041" ind1=" " ind2=" ">
    <subfield code="a">spa</subfield>
  </datafield>
  <datafield tag="041" ind1=" " ind2=" ">
    <subfield code="a">eng</subfield>
  </datafield>
  <datafield tag="540" ind1=" " ind2=" ">
    <subfield code="a">by-nc-sa</subfield>
    <subfield code="b">Creative Commons</subfield>
    <subfield code="c">3.0</subfield>
    <subfield code="u">http://creativecommons.org/licenses/by-nc-sa/3.0/</subfield>
  </datafield>
  <datafield tag="260" ind1=" " ind2=" ">
    <subfield code="a">Zaragoza</subfield>
    <subfield code="b">Universidad de Zaragoza</subfield>
    <subfield code="c">2024-2025</subfield>
  </datafield>
  <datafield tag="245" ind1="0" ind2="0">
    <subfield code="9">28964</subfield>
    <subfield code="a">Trabajo fin de Grado (Industrias agrarias y alimentarias)</subfield>
  </datafield>
  <datafield tag="242" ind1="0" ind2="0">
    <subfield code="9">28964</subfield>
    <subfield code="a">Undergraduate Dissertation</subfield>
  </datafield>
  <datafield tag="100" ind1=" " ind2=" ">
    <subfield code="0">(orcid)0000-0001-7559-9669</subfield>
    <subfield code="a">María Abián, Vicén</subfield>
    <subfield code="1">502159</subfield>
  </datafield>
  <datafield tag="700" ind1=" " ind2=" ">
    <subfield code="0">(orcid)0000-0001-6445-849X</subfield>
    <subfield code="a">Javier Álvarez, Rodríguez</subfield>
    <subfield code="1">557634</subfield>
  </datafield>
  <datafield tag="700" ind1=" " ind2=" ">
    <subfield code="a">Daniel Antorán, Navarro</subfield>
    <subfield code="1">647864</subfield>
  </datafield>
  <datafield tag="700" ind1=" " ind2=" ">
    <subfield code="0">(orcid)0000-0002-8581-4972</subfield>
    <subfield code="a">Jesús Manuel Anzano, Lacarte</subfield>
    <subfield code="1">121037</subfield>
  </datafield>
  <datafield tag="700" ind1=" " ind2=" ">
    <subfield code="0">(orcid)0000-0002-0227-1934</subfield>
    <subfield code="a">Francisco Javier García, Ramos</subfield>
    <subfield code="1">507025</subfield>
  </datafield>
  <datafield tag="700" ind1=" " ind2=" ">
    <subfield code="0">(orcid)0000-0001-6360-4475</subfield>
    <subfield code="a">María Nieves Latorre, Sierra</subfield>
    <subfield code="1">416523</subfield>
  </datafield>
  <datafield tag="700" ind1=" " ind2=" ">
    <subfield code="0">(orcid)0000-0002-2436-1041</subfield>
    <subfield code="a">María Pilar Lobera, González</subfield>
    <subfield code="1">448645</subfield>
  </datafield>
  <datafield tag="700" ind1=" " ind2=" ">
    <subfield code="0">(orcid)0000-0001-9379-8047</subfield>
    <subfield code="a">Ana María Mainar, Fernández</subfield>
    <subfield code="1">321565</subfield>
  </datafield>
  <datafield tag="700" ind1=" " ind2=" ">
    <subfield code="0">(orcid)0000-0002-0118-3254</subfield>
    <subfield code="a">Joan Josep Manyá, Cervelló</subfield>
    <subfield code="1">540577</subfield>
  </datafield>
  <datafield tag="700" ind1=" " ind2=" ">
    <subfield code="0">(orcid)0000-0001-6182-2196</subfield>
    <subfield code="a">José Francisco Martínez, López</subfield>
    <subfield code="1">390349</subfield>
  </datafield>
  <datafield tag="700" ind1=" " ind2=" ">
    <subfield code="0">(orcid)0000-0002-1886-9586</subfield>
    <subfield code="a">Susana Menal, Puey</subfield>
    <subfield code="1">101164</subfield>
  </datafield>
  <datafield tag="700" ind1=" " ind2=" ">
    <subfield code="0">(orcid)0000-0002-1807-5049</subfield>
    <subfield code="a">Natividad Miguel, Salcedo</subfield>
    <subfield code="1">461547</subfield>
  </datafield>
  <datafield tag="700" ind1=" " ind2=" ">
    <subfield code="0">(orcid)0000-0002-2704-2679</subfield>
    <subfield code="a">Luis Pardos, Castillo</subfield>
    <subfield code="1">117936</subfield>
  </datafield>
  <datafield tag="700" ind1=" " ind2=" ">
    <subfield code="a">Enrique Samperio, Fernández</subfield>
    <subfield code="1">635189</subfield>
  </datafield>
  <datafield tag="700" ind1=" " ind2=" ">
    <subfield code="a">María Isabel Sánchez, de los Santos</subfield>
    <subfield code="1">862905</subfield>
  </datafield>
  <datafield tag="700" ind1=" " ind2=" ">
    <subfield code="0">(orcid)0000-0001-6316-385X</subfield>
    <subfield code="a">María Eugenia Venturini, Crespo</subfield>
    <subfield code="1">303225</subfield>
  </datafield>
  <datafield tag="700" ind1=" " ind2=" ">
    <subfield code="0">(orcid)0000-0002-3630-7931</subfield>
    <subfield code="a">María Videgain, Marco</subfield>
    <subfield code="1">510026</subfield>
  </datafield>
  <datafield tag="830" ind1=" " ind2=" ">
    <subfield code="9">583</subfield>
  </datafield>
  <datafield tag="856" ind1="4" ind2=" ">
    <subfield code="s">10302</subfield>
    <subfield code="u">http://zaguan.unizar.es/record/158445/files/guia-28964-en.pdf</subfield>
    <subfield code="y">Guide (english)</subfield>
  </datafield>
  <datafield tag="856" ind1="4" ind2=" ">
    <subfield code="s">25939</subfield>
    <subfield code="u">http://zaguan.unizar.es/record/158445/files/guia-28964-es.pdf</subfield>
    <subfield code="y">Guía (idioma español)</subfield>
  </datafield>
  <datafield tag="521" ind1=" " ind2=" ">
    <subfield code="9">140</subfield>
    <subfield code="a">Grado en Ingeniería Agroalimentaria y del Medio Rural</subfield>
    <subfield code="b">Degree in Rural and Agri-Food Engineering</subfield>
  </datafield>
  <datafield tag="980" ind1=" " ind2=" ">
    <subfield code="a">GDOC</subfield>
    <subfield code="b">Engineering and Architecture</subfield>
    <subfield code="b">Ingeniería y Arquitectura</subfield>
    <subfield code="c">201</subfield>
  </datafield>
</record>
</collection>